Village studies on agrarian structure and peasant organisations in Tamil Nadu (Record no. 22730)

MARC details
000 -LEADER
fixed length control field 00317nam a2200121Ia 4500
082 ## - DEWEY DECIMAL CLASSIFICATION NUMBER
Classification number RI.0004:2
100 ## - MAIN ENTRY--AUTHOR NAME
Personal name Vidyasagar, R.
245 #0 - TITLE STATEMENT
Title Village studies on agrarian structure and peasant organisations in Tamil Nadu
260 ## - PUBLICATION, DISTRIBUTION, ETC. (IMPRINT)
Year of publication 0
300 ## - PHYSICAL DESCRIPTION
Number of Pages v.p.
942 ## - ADDED ENTRY ELEMENTS (KOHA)
Koha item type Books
Holdings
Withdrawn status Lost status Damaged status Not for loan Home library Current library Date acquired Bill Date Full call number Accession Number Price effective from Koha item type
        NASSDOC Library NASSDOC Library 08/10/2004 2004-10-22 RI.0004:2 20466 18/04/2019 Books